000 00692nam a2200253Ia 4500
003 OSt
005 20220918215857.0
006 a|||||r|||| 00| 0
007 ta
008 220917b |||||||| |||| 00| 0 eng d
024 _a143,165
037 _cTextual
040 _aARTS
_cARTS
_beng
041 _2eng
_aeng
082 _aY15:44Q71, M3
100 _aNoman Ayesha
_9135660
245 0 _aStatus of women and fertility in Bangladesh
260 _aBangladesh
_bThe University Press
_c1983
300 _axv,91p.
_ccm.
490 _aU P L Monographs series; 1
650 _aSOCIOLOGY
942 _hY15:44Q71, M3
_cTEXL
_2CC
999 _c266118
_d266118